Szczegóły MARC21

Historia filozofii. T. 3, Filozofia XIX wieku i współczesna /

003 -Nazwa inst., której nr kontr. jest w polu 001 [,]
    • @
    • Nazwa instytucji, której n kontrolny jest w polu 001
    • NUKAT
005 -DATA I CZAS OSTATNIEJ MODYFIKACJI [,]
    • @
    • pole kontrolne
    • 20241231113808.0
020 -Międzynarod. znormalizowany nr książki - ISBN [ , ]
    • a
    • Numer ISBN
    • 8301086505 Find
    • q
    • Dopowiedzenie
    • całość
020 -Międzynarod. znormalizowany nr książki - ISBN [ , ]
    • a
    • Numer ISBN
    • 830108653X Find
    • q
    • Dopowiedzenie
    • t. 3
040 -Instytucja sporządzająca opis [ , ]
    • a
    • Instytucja, która sporządziła opis (NP)
    • WA M/LS
    • b
    • Język katalogowania
    • pol
    • e
    • Zasady katalogowania
    • rda
    • c
    • Instytucja, która sporządziła rekord (NP)
    • WA M/LS
    • d
    • Instytucja, która zmodyfikowała rekord (P)
    • WA M/GM
    • d
    • Instytucja, która zmodyfikowała rekord (P)
    • TOR U/AWZs
    • d
    • Instytucja, która zmodyfikowała rekord (P)
    • GD 27/LKs
    • d
    • Instytucja, która zmodyfikowała rekord (P)
    • GL 001/FAN
942 -Rodzaj dokumentu [ , ]
    • c
    • Rodzaj dokumentu
    • Książka
100 -Hasło główne - nazwa osobowa [1, ]
    • a
    • Nazwa osobowa (NP)
    • Tatarkiewicz, Władysław
    • d
    • Daty biograficzne (NP)
    • (1886-1980).
    • e
    • Rodzaj współpracy
    • Autor
    • 9
    • KHW
    • 7627
245 -Strefa tytułu i oznaczenia odpowiedzialności [1,0]
    • a
    • Tytuł
    • Historia filozofii. Find
    • n
    • Oznaczenie części (P)
    • T. 3,
    • p
    • Nazwa części (P)
    • Filozofia XIX wieku i współczesna /
    • c
    • Pozostałe elementy strefy tytułu i oznaczenia odpowiedzialności (NP)
    • Władysław Tatarkiewicz.
246 -Wariant tytułu [3,0]
    • a
    • Tytuł (NP)
    • Filozofia XIX wieku i współczesna
246 -Wariant tytułu [3, ]
    • a
    • Tytuł (NP)
    • Filozofia dziewiętnastego wieku i współczesna
250 -Strefa wydania [ , ]
    • a
    • Oznaczenie wydania (NP)
    • Wydanie ósme.
260 -Strefa adresu wydawniczego [ , ]
    • a
    • Miejsce wydania (P)
    • Warszawa :
    • b
    • Nazwa wydawcy (P)
    • Państwowe Wydawnictwo Naukowe,
    • c
    • Data wydania (P)
    • 1988.
300 -Strefa opisu fizycznego [ , ]
    • a
    • Określenie formy książki i/lub objętość (NP)
    • 544, [3] strony, [44] strony tablic ;
    • c
    • Format (NP)
    • 24 cm.
336 -Typ zawartości [ , ]
    • a
    • Termin opisujący typ zawartości
    • Tekst
    • b
    • Kod określający zawartość
    • txt
    • 2
    • Źródło (terminu i kodu)
    • rdacontent
337 -Typ mediów [ , ]
    • a
    • Tryb odtwarzania
    • Bez urządzenia pośredniczącego
    • b
    • Kod typu mediów
    • n
    • 2
    • Źródło (terminu i kodu)
    • rdamedia
338 -Typ/rodzaj nośnika [ , ]
    • a
    • Hasło opisujące typ nośnika
    • Wolumin
    • b
    • Kod typu nośnika
    • nc
    • 2
    • Źródło (terminu i kodu)
    • rdacarrier
504 -Uwaga dot. bibliogr. załącznikowej [ , ]
    • a
    • Uwaga dot. bibliografii załącznikowej
    • Bibliografia na stronach 380-436. Indeksy.
080 -Uniwersalna Klasyfikacja Dziesiętna [ , ]
    • a
    • Symbol klasyfikacji
    • 1(091)
    • 9
    • UKD
    • 2362
    • 2
    • Identyfikator wydania tablic
    • UDC-P058
    • b
    • Dopowiedzenie
    • Historia filozofii.
650 -Hasło przedmiotowe [ ,7]
    • a
    • Hasło przedmiotowe
    • Filozofia
    • y
    • Określnik chronologiczny
    • 19 w.
    • 2
    • Źródło terminu
    • kaba
    • 9
    • KHW
    • 108707
650 -Hasło przedmiotowe [ ,7]
    • a
    • Hasło przedmiotowe
    • Filozofia
    • y
    • Określnik chronologiczny
    • 1900-1945.
    • 2
    • Źródło terminu
    • kaba
    • 9
    • KHW
    • 108708
980 -Symbol UKD [ , ]
    • a
    • UKD
    • 1(091)
710 -Hasło dodatkowe - nazwa ciała zbiorowego [2, ]
    • a
    • Nazwa ciała zbiorowego lub nazwa geograficzna jako pierwszy element (NP)
    • Państwowe Wydawnictwo Naukowe (1951-1992).
    • e
    • Rodzaj współpracy
    • Wydawca
    • 4
    • Kod relacji
    • pbl
    • 9
    • KHW
    • 52048
856 -Dostęp do wersji elektronicznej [4,8]
    • 3
    • Wyszczególnienie materiału
    • Okładka
920 -ISBN [ , ]
    • a
    • ISBN
    • 83-01-08650-5 Find
    • q
    • Dopowiedzenie
    • całość
920 -ISBN [ , ]
    • a
    • ISBN
    • 83-01-08653-X Find
    • q
    • Dopowiedzenie
    • t. 3
Status udost. Data inwentaryzacji Lokalizacja Sygnatura Numer inwentarzowy
21997-02-28BE S.65136
-21997-02-28BE E.57828
21997-02-28BE S.65137
-31997-02-28BE S.65138
21997-02-28BE S.65139
21997-02-28BE S.65140
21997-02-28BE S.65141
21997-02-28BE S.65142
21997-02-28BE S.65143
21997-02-28BE S.65144
21997-02-28BE S.65145
21997-02-28BE S.65146
21997-02-28BE S.65147
21997-02-28BE S.65148
21997-02-28BE S.65149
21997-02-28BE S.65150
21997-02-28BE S.65151
21997-02-28BE S.65152
21997-02-28BE S.65153
21997-02-28BE S.65154
21997-02-28BE S.65155
21997-02-28BE S.65156
21997-02-28BE S.65157
21997-02-28BE S.65158
21997-02-28BE S.65159
21997-02-28BE S.65160
21997-02-28BE S.65162
21997-02-28BE S.65163
21997-02-28BE S.65164
21997-02-28BE S.65165
21997-02-28BE S.65166
21997-02-28BE S.65167
21997-02-28BE S.65168
21997-02-28BE S.65169
21997-02-28BE S.65170
21997-02-28BE S.65171
21997-02-28BE S.65172
21997-02-28BE S.65173
21997-02-28BE S.65174
21997-02-28BE S.65175
21997-02-28BE S.65176
21997-02-28BE S.65177
21997-02-28BE S.65178
21997-02-28BE S.65179
21997-02-28BE S.65180
21997-02-28BE S.65181
21997-02-28BE S.65182
21997-02-28BE S.65183
21997-02-28BE S.65184
21997-02-28BE S.65161
21998-02-19BE S.81976
11997-02-28BGZ.72750Z.73356
-51997-02-28BG W.159123
-51997-02-28BG W.159124
-51997-02-28BG W.159125
-51997-02-28BG W.159126
-51997-02-28BG W.159127
-51997-02-28BG W.159128
-51997-02-28BG W.159129
-51997-02-28BG W.159130
-51997-02-28BG W.159131
-51997-02-28BG W.159132
-51997-02-28BG W.159133
-51997-02-28BG W.159134
-51997-02-28BG W.159135
-51997-02-28BG W.159136
-51997-02-28BG W.159137
21997-02-28BGW.115462W.159138
21997-02-28BGW.115462W.159139
21997-02-28BGW.115462W.159140
21997-02-28BGW.115462W.159141
-51997-02-28BGW.115462W.159142
21997-02-28BGW.115462W.159143
-51997-02-28BGW.115462W.159144
21997-02-28BGW.115462W.159145
21997-02-28BGW.115462W.159146
21997-02-28BGW.115462W.159147
21997-02-28BGW.115462W.159148
21997-02-28BGW.115462W.159149
21997-02-28BGW.115462W.159150
21997-02-28BGW.115462W.159151
21997-02-28BGW.115462W.159152
21997-02-28BGW.115462W.159153
21997-02-28BGW.115462W.159154
21997-02-28BGW.115462W.159155
21997-02-28BGW.115462W.159157
21997-02-28BGW.115462W.159158
21997-02-28BGW.115462W.159159
21997-02-28BGW.115462W.159160
21997-02-28BGW.115462W.159161
21997-02-28BGW.115462W.159162
-51997-02-28BGW.115462W.159163
21997-02-28BGW.115462W.159164
-51997-02-28BG W.159165
-31997-02-28BG W.159156
11997-02-28BM G.4283
-31997-02-28BM R.5295
11997-02-28BMPOL. Filozofia 04JO.833
-3 BM WF.3077
11997-02-28BNS H.1326
21997-02-28THBWTeologiiPd.3617